Statistics for Iron Maiden albums

Click here to take the quiz!

General Stats

  • This quiz has been taken 1,694 times
  • The average score is 12 of 15

Answer Stats

YearAlbum% Correct
1980Iron Maiden
96%
1981Killers
91%
1984Powerslave
90%
1982The Number of the Beast
89%
1992Fear of the Dark
85%
1988Seventh Son of a Seventh Son
83%
1983Piece of Mind
82%
1986Somewhere in Time
78%
2000Brave New World
77%
2003Dance of Death
71%
2010The Final Frontier
66%
1998Virtual XI
65%
2006A Matter of Life and Death
63%
1990No Prayer for the Dying
61%
1995The X Factor
61%

Score Distribution

Percentile by Number Answered

Percent of People with Each Score

Your Score History

You have not taken this quiz